Southville International School and Colleges
Your cart is empty.
  • Cart
  • Lists
    Public lists Eva Luna New books Lux_list list_1
    Your lists Log in to create your own lists
  • Log in to your account
  • Your cookies
  • Search history
Southville International School and Colleges
  • Advanced search
  • Recent comments
  • Most popular
  • Libraries

Log in to your account

Log in with GOOGLE


If you do not have an external account, but do have a local account, you can still log in:

  1. Home
  2. MARC view: The effectiveness of foliar fertilizer on Oryza sativa /
Normal view MARC view ISBD view

The effectiveness of foliar fertilizer on Oryza sativa / (Record no. 98587)

[ view plain ]
MARC details
000 -LEADER
fixed length control field 00716nam a2200193 a 4500
003 - CONTROL NUMBER IDENTIFIER
control field 0
005 - DATE AND TIME OF LATEST TRANSACTION
control field 20250219104118.0
008 - FIXED-LENGTH DATA ELEMENTS--GENERAL INFORMATION
fixed length control field 110622s19uu xx 00 eng d
050 ## - LIBRARY OF CONGRESS CALL NUMBER
Classification number PHS SB 317.5
Item number .P97 2011
100 ## - MAIN ENTRY--PERSONAL NAME
Personal name Puracan, Claudine Angielu T.
245 ## - TITLE STATEMENT
Title The effectiveness of foliar fertilizer on Oryza sativa /
Statement of responsibility, etc Claudine Angielu T. Puracan.
260 ## - PUBLICATION, DISTRIBUTION, ETC. (IMPRINT)
Place of publication, distribution, etc Las Piñas City, Philippines :
Name of publisher, distributor, etc Southville International School and Colleges,
Date of publication, distribution, etc 2011.
300 ## - PHYSICAL DESCRIPTION
Extent 23 pages :
Other physical details illustrations ;
Dimensions 28 cm.
504 ## - BIBLIOGRAPHY, ETC. NOTE
Bibliography, etc Includes bibliographical references.
650 ## - SUBJECT ADDED ENTRY--TOPICAL TERM
Topical term or geographic name as entry element Fertilizers
General subdivision Oryza sativa.
650 ## - SUBJECT ADDED ENTRY--TOPICAL TERM
Topical term or geographic name as entry element Crops
General subdivision Foliar application of fertilizers.
650 ## - SUBJECT ADDED ENTRY--TOPICAL TERM
Topical term or geographic name as entry element Fertilizers
General subdivision Effectiveness.
942 ## - ADDED ENTRY ELEMENTS (KOHA)
Source of classification or shelving scheme Library of Congress Classification
Koha item type PASS
Holdings
Withdrawn status Lost status Source of classification or shelving scheme Damaged status Home library Current library Shelving location Date acquired Source of acquisition Total Checkouts Full call number Barcode Date last seen Price effective from Koha item type
    Library of Congress Classification   Luxembourg Library Luxembourg Library Portfolio Assessment of SISC Students Section 06/22/2011 Donation   PHS SB 317.5 .P97 2011 P2687 04/08/2014 04/08/2014 PASS

The effectiveness of foliar fertilizer on Oryza sativa /

APA

Puracan C. A. T., . (2011). The effectiveness of foliar fertilizer on Oryza sativa. Las Piñas City, Philippines: Southville International School and Colleges.

Chicago

Puracan Claudine Angielu T, . 2011. The effectiveness of foliar fertilizer on Oryza sativa. Las Piñas City, Philippines: Southville International School and Colleges.

Harvard

Puracan C. A. T., . (2011). The effectiveness of foliar fertilizer on Oryza sativa. Las Piñas City, Philippines: Southville International School and Colleges.

MLA

Puracan Claudine Angielu T, . The effectiveness of foliar fertilizer on Oryza sativa. Las Piñas City, Philippines: Southville International School and Colleges. 2011.

  • Print
  • Cite
  • Add to your cart (remove)
  • Save record
    BIBTEX Dublin Core MARCXML MARC (non-Unicode/MARC-8) MARC (Unicode/UTF-8) MARC (Unicode/UTF-8, Standard) MODS (XML) RIS
  • More searches
    Search for this title in:
    Other Libraries (WorldCat) Other Databases (Google Scholar) Online Stores (Bookfinder.com) Open Library (openlibrary.org)

Exporting to Dublin Core...

SOUTHVILLE LIBRARY

Southville International School and Colleges Library

1281 Tropical Ave. Cor. Luxembourg St., BF Homes International, Las Pinas City

Tel. No. 8256374 / 252358 Loc. 117/146

Powered by Koha